Central Library OPAC University of Rajshahi

বাংলা সাহিত্যের সংক্ষিপ্ত ইতিহাস / (Record no. 40963)

MARC details
000 -LEADER
fixed length control field 01013nam a2200241 a 4500
001 - CONTROL NUMBER
control field 40963
003 - CONTROL NUMBER IDENTIFIER
rucl marc code BD-RjUL
005 - DATE AND TIME OF LATEST TRANSACTION
control field 20211209053314.0
008 - FIXED-LENGTH DATA ELEMENTS--GENERAL INFORMATION
fixed length control field 160512s20001995ii ||||| |||| 00| 0 ben d
020 ## - INTERNATIONAL STANDARD BOOK NUMBER
International Standard Book Number 8170797802
Terms of availability : IRs. 120.00
035 ## - SYSTEM CONTROL NUMBER
System control number (BD-RjUL)41079
040 ## - CATALOGING SOURCE
Original cataloging agency BD-RjUL
Language of cataloging ben
Transcribing agency BD-RjUL
Modifying agency BD-RjUL
041 ## - LANGUAGE CODE
Language code of text/sound track or separate title ben
082 ## - DEWEY DECIMAL CLASSIFICATION NUMBER
Edition number 23
Classification number 891.4409
Author mark and year CHB 2000
100 1# - MAIN ENTRY--PERSONAL NAME
Personal name চেীধুরী, ভূদেব
9 (RLIN) 126075
245 10 - TITLE STATEMENT
Title বাংলা সাহিত্যের সংক্ষিপ্ত ইতিহাস /
Statement of responsibility, etc. ভূদেব চেীধুরী
250 ## - EDITION STATEMENT
Edition statement পরিমার্জিত সং.
260 ## - PUBLICATION, DISTRIBUTION, ETC. (IMPRINT)
Place of publication, distribution, etc. কলকাতা :
Name of publisher, distributor, etc. দে'জ পাবলিশিং,
Date of publication, distribution, etc. ১৯৯৫[মুদ্রণ ২০০০]
300 ## - PHYSICAL DESCRIPTION
Pagination xv, ৩১৮ পৃ. ;
Size ২১ সেমি.
650 ## - SUBJECT ADDED ENTRY--TOPICAL TERM
Topical term or geographic name as entry element বাংলা সাহিত্য
General subdivision ইতিহাস ও সমালোচনা
9 (RLIN) 118060
Topical term or geographic name as entry element Bengali Literature
General subdivision History and Criticism
9 (RLIN) 117020
942 ## - ADDED ENTRY ELEMENTS (KOHA)
Source of classification or shelving scheme Dewey Decimal Classification
Koha item type Books
Holdings
Lost status Source of classification or shelving scheme Damaged status Not for loan Collection code Permanent Location Current Location Shelving location Date acquired Source of acquisition Cost, normal purchase price Total Checkouts Full call number Date last seen Copy number Koha item type Date checked out
  Dewey Decimal Classification     Non-fiction Central Library, University of Rajshahi Central Library, University of Rajshahi   13/05/2008 Paragon Enterprise Lit., Dhaka 120.00   B 891.4409 CHB 2000 12/05/2016 C-2 Books  
  Dewey Decimal Classification     Non-fiction Central Library, University of Rajshahi Central Library, University of Rajshahi   03/05/2008 Paragon Enterprise Lit., Dhaka 120.00   B 891.4409 CHB 2000 13/07/2016 C-3 Books  
  Dewey Decimal Classification   Not For Loan Non-fiction Central Library, University of Rajshahi Central Library, University of Rajshahi Reading Room 03/05/2008 Paragon Enterprise Lit., Dhaka 120.00   B 891.4409 CHB 2000 14/02/2017 C-1 Books  
  Dewey Decimal Classification     Fiction Central Library, University of Rajshahi Central Library, University of Rajshahi   13/05/2008 Dhaka, Paragon Enterprises 120.00   B 891.4409 CHB 2000 05/10/2019 C-4 Books  
  Dewey Decimal Classification     Fiction Central Library, University of Rajshahi Central Library, University of Rajshahi   13/05/2008 Dhaka, Paragon Enterprises 120.00 1 B 891.4409 CHB 2000 11/01/2022 C-5 Books 22/12/2021